Электрические и электромагнитные явления; Курс общей физики

Bibliographic Details
Parent link:Курс общей физики: Учебное пособие/ С. Э. Фриш, А. В. Тиморева. Т. 2.— 9-е изд., испр. и доп..— , 1962
Language:Russian
Published: 1962
Subjects:
Format: Book
KOHA link:https://koha.lib.tpu.ru/cgi-bin/koha/opac-detail.pl?biblionumber=36110

MARC

LEADER 00000nam0a2200000 4500
001 36110
005 20231031001049.0
035 |a (RuTPU)RU\TPU\book\36575 
035 |a BOOK00003227 
090 |a 36110 
100 |a 20011210d1962 m y0rusy50 ca 
101 0 |a rus 
102 |a RU 
105 |a a j 000zy 
200 1 |a Электрические и электромагнитные явления 
210 |d 1962 
215 |a 514 с.  |c ил. 
461 |t Курс общей физики  |o Учебное пособие  |f С. Э. Фриш, А. В. Тиморева  |v Т. 2  |e 9-е изд., испр. и доп.  |d 1962 
610 1 |a физика 
610 1 |a механика 
610 1 |a электрические явления 
610 1 |a электромагнитные явления 
610 1 |a учебные пособия 
675 |a 53(075.8)  |v 3 
801 0 |a RU  |b 63413507  |c 20011210  |g PSBO 
801 2 |a RU  |b 63413507  |c 20210514  |g PSBO 
900 |a Физика 
942 |c BK